Obras completas / (Record no. 179788)

MARC details
000 -LEADER
campo de control de longitud fija 00921nam a2200241 i 4500
001 - NÚMERO DE CONTROL
campo de control 179788
003 - IDENTIFICADOR DE NÚMERO DE CONTROL
campo de control ES-MaACL
005 - FECHA Y HORA DE LA ÚLTIMA TRANSACCIÓN
campo de control 20230906220915.0
008 - DATOS DE LONGITUD FIJA--INFORMACIÓN GENERAL
campo de control de longitud fija 120124m20002008sp | |||| ||spa d
020 ## - NÚMERO INTERNACIONAL ESTÁNDAR DEL LIBRO
Número Internacional Estándar del Libro 978-84-89794-36-8
080 ## - NÚMERO DE LA CLASIFICACIÓN DECIMAL UNIVERSAL
Número de la Clasificación Decimal Universal 821.134.2-14"15"
100 1# - ENTRADA PRINCIPAL--NOMBRE DE PERSONA
Nombre de persona Góngora y Argote, Luis de.
9 (RLIN) 58246
245 10 - MENCIÓN DEL TÍTULO
Título Obras completas /
Mención de responsabilidad, etc. Luis de Góngora ; edición de Antonio Carreira.
260 ## - PUBLICACIÓN, DISTRIBUCIÓN, ETC.
Lugar de publicación, distribución, etc. Madrid :
Nombre del editor, distribuidor, etc. Fundación José Antonio de Castro,
Fecha de publicación, distribución, etc. [2000-2008]
300 ## - DESCRIPCIÓN FÍSICA
Extensión 2 v. ;
Dimensiones 23 cm.
490 1# - MENCIÓN DE SERIE
Mención de serie Biblioteca Castro
505 80 - NOTA DE CONTENIDO CON FORMATO
Nota de contenido con formato Contiene: 1. Poemas de autoría segura ; Poemas de autenticidad probable -- 2. Las firmezas de Isabela ; El doctor Carlino ; Comedia venatoria ; Epistolario
595 ## -
-- El primer volumen es la segunda edición publicada en 2008.
700 1# - ENTRADA AGREGADA--NOMBRE PERSONAL
Nombre de persona Carreira, Antonio.
9 (RLIN) 35605
830 0# - PUNTO DE ACCESO ADICIONAL DE SERIE-TÍTULO UNIFORME
Título uniforme Biblioteca Castro
9 (RLIN) 178957
852 ## - LOCALIZACIÓN
Ubicación ES-MaACL
Número de control de estantería L-29759-60
Holdings
Estatus retirado Estado de pérdida Estado de daño No para préstamo Biblioteca de origen Biblioteca actual Ubicación en estantería Fecha de adquisición Fuente de adquisición Total de préstamos Signatura topográfica completa Código de barras Visto por última vez Precio de reemplazo Tipo de ítem Koha
        Biblioteca del Ateneo de Madrid Biblioteca del Ateneo de Madrid Depósito 2 24/01/2012     L-29759-60 1188878 23/02/2023 23/02/2023 Libro impreso